| 000 | 00451nam a2200157 i 4500 | ||
|---|---|---|---|
| 001 | 95851 | ||
| 003 | ES-MaACL | ||
| 005 | 20230906181803.0 | ||
| 007 | t| | ||
| 008 | 050606s1921 xxk ||||1| eng d | ||
| 100 | 1 |
_aMacdonald, James Ramsay. _975118 |
|
| 245 | 1 | 0 |
_aSocialism _b: critical and constructive / _cJames Ramsay Macdonald. |
| 260 |
_aLondon : _bCassell and Company, _c1921. |
||
| 300 |
_aVII, 288 p. ; _c19 cm. |
||
| 852 |
_aES-MaACL _jF-4632 |
||
| 999 |
_c95851 _d95851 |
||